000 00906nam a2200277 i 4500
001 000014909
003 DO-SdBNP
005 20250704103624.0
007 ta
008 100127s2008 dr ab 001 0 spa d
040 _aDO-SdBNP
_bspa
_cBNPHU
_erda
041 _hsp
082 _axxx
_bR426m
_222
110 1 _aRepública Dominicana.
_bOficina Nacional de Estadística
_95775
245 1 0 _aMadres adolescentes en república Dominicana.
264 _aSanto Domingo :
_bOficina Nacional de estadística,
_c2008.
300 _a39 páginas :
_bilustraciones; map.as ;
_c22 cm.
336 _ardacontent
_btexto
_2txt
337 _ardamedia
_bsin mediación
_2n
338 _ardacarrier
_bvolumen
_2nc
590 _aInventariado, 2025/DG
650 4 _aEmbarazo en adolescencia
_zRepública Dominicana
_984078
650 4 _aMadres adolescentes
_zRepública Dominicana
_97692
910 _aDG
942 _2ddc
_cLF2
999 _c14489
_d14489